000 00688nam a2200241 i 4500
003 DO-SdBNP
005 20250616100917.0
007 ta
008 250616b2018 dr ||||| |||| 00| 0 spa d
040 _ado-SdBNP
_bspa
_cBNPHU
_erda
082 4 _axxx
_bxxx
_222
100 _974808
245 1 0 _aLey 33-18 de partidos, agrupaciones y movimientos políticos
250 _aPrimera edición
264 1 _aSanto Domingo :
_bEditora Centenario
_c2018.
300 _a76 páginas :
_c23 cm.
336 _atexto
_btxt
_2rdacontent
337 _asin mediación
_bn
_2rdamedia
338 _avolumen
_bnc
_2rdacarrier
590 _aInventariado, 2025/BT
910 _aBtavárez
942 _2ddc
_cLBS1
999 _c59288
_d59288